000 00660nam a2200277Ia 4500
005 20260324132936.0
008 008 260324s9999 xx 000 0 eng d
020 _a9780429180200
037 _aEBOOK
040 _aCRL
040 _beng
040 _cCRL
041 _2eng
041 _aeng
084 _qCRL
100 _aD.M. Klimov
_91191197
245 0 _aGroup-Theoretic Methods in Mechanics and Applied Mathematics
260 _bTaylor and Francis
260 _c2004
365 _a
365 _b275
856 _uhttp://www.taylorfrancis.com/books/9780429180200
942 _cEBOOK
999 _c1789774
_d1789774